Tous les médaillés au biathlon aux Jeux Olympiques de Pékin 2022 - Statistiques

Statistiques générales
  • Ce quiz a été pris 922 fois
  • Le résultat moyen est 36 sur 60
Statistiques - réponses
Épreuve Métal Nom Pays % Correct
Bronze Johannes Thingnes Bø Norvège
99%
Sprint 10 km H Or Johannes Thingnes Bø Norvège
99%
Départ Groupé 15 km H Or Johannes Thingnes Bø Norvège
99%
Or Johannes Thingnes Bø Norvège
99%
Or Johannes Thingnes Bø Norvège
99%
Bronze Tarjei Bø Norvège
99%
Argent Tarjei Bø Norvège
99%
Or Tarjei Bø Norvège
99%
Or Tarjei Bø Norvège
99%
Individuel 20 km H Or Quentin Fillon Maillet France
98%
Argent Quentin Fillon Maillet France
98%
Poursuite 12,5 km H Or Quentin Fillon Maillet France
98%
Argent Quentin Fillon Maillet France
98%
Argent Quentin Fillon Maillet France
98%
Argent Émilien Jacquelin France
90%
Argent Émilien Jacquelin France
90%
Argent Julia Simon France
84%
Argent Fabien Claude France
76%
Départ Groupé 12,5 km F Or Justine Braisaz Bouchet France
73%
Bronze Vetle Sjåstad Christiansen Norvège
70%
Or Vetle Sjåstad Christiansen Norvège
70%
Argent Anaïs Chevalier Bouchet France
68%
Argent Anaïs Chevalier Bouchet France
68%
Argent Simon Desthieux France
65%
Bronze Dorothea Wierer Italie
64%
Bronze Marte Olsbu Røiseland Norvège
61%
Sprint 7,5 km F Or Marte Olsbu Røiseland Norvège
61%
Poursuite 10 km F Or Marte Olsbu Røiseland Norvège
61%
Bronze Marte Olsbu Røiseland Norvège
61%
Relais mixte 4 x 6 km Or Marte Olsbu Røiseland Norvège
61%
Relais 4 x 7,5 km H Or Sturla Holm Lægreid Norvège
59%
Argent Martin Ponsiluoma Suède
58%
Bronze Tiril Eckhoff Norvège
57%
Argent Tiril Eckhoff Norvège
57%
Or Tiril Eckhoff Norvège
57%
Argent Elvira Öberg Suède
55%
Argent Elvira Öberg Suède
55%
Or Elvira Öberg Suède
55%
Or Hanna Öberg Suède
55%
Bronze Alexander Loginov Comité Olympique Russe
52%
Bronze Alexander Loginov Comité Olympique Russe
52%
Individuel 15 km F Or Denise Herrmann Allemagne
52%
Bronze Denise Herrmann Allemagne
52%
Bronze Franziska Preuß Allemagne
46%
Relais 4 x 6 km Or Linn Persson Suède
38%
Bronze Eduard Latypov Comité Olympique Russe
32%
Bronze Eduard Latypov Comité Olympique Russe
32%
Bronze Eduard Latypov Comité Olympique Russe
32%
Bronze Vanessa Voigt Allemagne
32%
Argent Anton Smolski Biélorussie
31%
Or Mona Brorsson Suède
26%
Bronze Vanessa Hinz Allemagne
17%
Bronze Said Khalili Comité Olympique Russe
11%
Bronze Maksim Tsvetkov Comité Olympique Russe
10%
Argent Svetlana Mironova Comité Olympique Russe
10%
Argent Kristina Reztsova Comité Olympique Russe
8%
Bronze Kristina Reztsova Comité Olympique Russe
8%
Argent Ouliana Nigmatoullina Comité Olympique Russe
4%
Bronze Ouliana Nigmatoullina Comité Olympique Russe
4%
Argent Irina Kazakevitch Comité Olympique Russe
3%
Aucun quiz correspondant
Distribution des résultats
% des personnes avec chaque résultat
Percentile par nombre de réponses
Votre historique - résultats
Vous n’avez pas pris ce quiz